|
|
|
|
| LEADER |
01312nam a2200313 u 4500 |
| 001 |
10118388 |
| 003 |
upatras |
| 005 |
20210415091449.0 |
| 008 |
151123s2002 ne eng |
| 020 |
|
|
|a 1402007035
|
| 040 |
|
|
|a GR-PaULI
|c GR-PaULI
|
| 041 |
0 |
|
|a eng
|
| 082 |
0 |
4 |
|a 808
|
| 245 |
1 |
0 |
|a Dialectic and rhetoric
|b the wrap and woof of argumentation analysis
|c ; edited by Frans H. Van Eemeren and Peter Houtlosser
|
| 260 |
|
|
|a Dordrecht
|b Kluwer Academic Publishers
|c 2002
|
| 300 |
|
|
|a 167 σ.
|c 24 εκ.
|
| 490 |
0 |
|
|a Argumentation library
|v 6
|
| 504 |
|
|
|a Περιλαμβάνει βιβλιογραφία και ευρετήριο
|
| 650 |
|
4 |
|a Ρητορική
|9 6989
|
| 650 |
|
4 |
|a Πειθώ (Ρητορική)
|9 58420
|
| 650 |
|
4 |
|a Διαλεκτική (Φιλοσοφία)
|9 58419
|
| 700 |
1 |
|
|a Eemeren, F. H. van
|q (Frans Hendrik),
|d 1946-
|4 edt
|9 58418
|
| 700 |
1 |
|
|a Houtlosser, Peter
|d 1956-2007
|4 edt
|9 147681
|
| 760 |
0 |
|
|a Argumentation library
|g 6
|
| 852 |
|
|
|a GR-PaULI
|b ΠΑΤΡΑ
|b ΦΙΛΟΣΟΦΙΑ
|k ΑΣΧΞ-4
|h 808 DIA
|m 4660
|p 025000114293
|t 1
|
| 942 |
|
|
|2 ddc
|c BK15
|
| 952 |
|
|
|0 0
|1 0
|4 0
|6 808_000000000000000_DIA
|7 0
|9 186680
|a PHIL
|b PHIL
|d 2016-04-24
|i 4660
|l 0
|o 808 DIA
|p 025000114293
|r 2016-04-24 00:00:00
|t 1
|w 2016-04-24
|y BK15
|
| 998 |
|
|
|c ΚΑΝΕΛΛΟΠΟΥΛΟΥ
|d 2015-11
|
| 999 |
|
|
|c 115098
|d 115098
|